000
00245nam a2200109Ia 4500
008
230320s9999||||xx |||||||||||||| ||spa||
082
_a
891.42/G73C
100
_a
Gorki, Maximo
245
0
_a
Cain Y Artemio
260
_b
NACIONAL
942
_8
0
_c
LIB
999
_c
30648
_d
30648